Здоровьесбережение студенческой молодежи (Запись № 11437566)
[ простой вид ]
| 000 -МАРКЕР | |
|---|---|
| контрольное поле | 03009nam0a2200397 i 4500 |
| 001 - ИДЕНТИФИКАТОР ЗАПИСИ | |
| контрольное поле | RU\NLR\BIBL_A\011387759 |
| 005 - ИДЕНТИФИКАТОР ВЕРСИИ | |
| контрольное поле | 20260408083642.0 |
| 010 ## - МЕЖДУНАРОДНЫЙ СТАНДАРТНЫЙ НОМЕР КНИГИ (ISBN) | |
| Номер (ISBN) | 9785444609460 |
| Тираж | 500 |
| 021 ## - НОМЕР ГОСУДАРСТВЕННОЙ РЕГИСТРАЦИИ | |
| Код страны | Российская Федерация |
| Номер | 2017-28030 |
| Номер Листа государственной регистраци | 2070 |
| 035 ## - ДРУГИЕ СИСТЕМНЫЕ НОМЕРА | |
| Идентификатор записи | (RuMoRGB)008862266 |
| 035 ## - ДРУГИЕ СИСТЕМНЫЕ НОМЕРА | |
| Идентификатор записи | (NLR Aleph) 011387759 |
| 100 ## - ДАННЫЕ ОБЩЕЙ ОБРАБОТКИ | |
| Данные общей обработки | 20170518d2017 k y0rusy50 ca |
| 101 0# - ЯЗЫК РЕСУРСА | |
| Язык текста, звукозаписи и т.д. | русский |
| 102 ## - СТРАНА ПУБЛИКАЦИИ ИЛИ ПРОИЗВОДСТВА | |
| Страна публикации | Российская Федерация |
| 105 ## - ПОЛЕ КОДИРОВАННЫХ ДАННЫХ: ТЕКСТОВЫЕ МАТЕРИАЛЫ, МОНОГРАФИЧЕСКИЕ | |
| Кодированные данные о монографическом текстовом документе | a|||z|||000zy |
| 200 1# - ЗАГЛАВИЕ И СВЕДЕНИЯ ОБ ОТВЕТСТВЕННОСТИ | |
| Основное заглавие | Здоровьесбережение студенческой молодежи |
| Сведения, относящиеся к заглавию | опыт, инновационные подходы и перспективы развития в системе высшего медицинского образования |
| -- | монография |
| Первые сведения об ответственности | [П.В. Глыбочко, И.Э. Есауленко, В.И. Попов, Т.Н. Петрова] |
| Последующие сведения об ответственности | Федеральное государственное бюджетное образовательное учреждение высшего образования Первый Московский государственный медицинский университет имени И.М. Сеченова Министерства здравоохранения Российской Федерации, Федеральное государственное бюджетное образовательное учреждение высшего образования Воронежский государственный медицинский университет имени Н.Н. Бурденко Министерства здравоохранения Российской Федерации |
| 210 ## - ПУБЛИКАЦИЯ, РАСПРОСТРАНЕНИЕ И ДР. | |
| Место издания, распространения и т.д. | Воронеж |
| Имя издателя, распространителя и т. д. | Научная книга |
| Дата издания, распространения и т.д. | 2017 |
| 215 ## - ФИЗИЧЕСКАЯ ХАРАКТЕРИСТИКА | |
| Специфическое обозначение материала и объем | 310 с. |
| Другие сведения о физической характеристике | ил. |
| Размеры | 21 |
| 300 ## - ОБЩИЕ ПРИМЕЧАНИЯ | |
| Текст примечания | Авт. указаны на обороте тит. л. |
| 320 ## - ПРИМЕЧАНИЯ О НАЛИЧИИ В ДОКУМЕНТЕ БИБЛИОГРАФИИ / УКАЗАТЕЛЯ | |
| Текст примечания | Библиогр.: с. 303-310 (108 назв.) |
| 606 1# - НАИМЕНОВАНИЕ ТЕМЫ КАК ПРЕДМЕТ | |
| Наименование темы | Студенты |
| Тематический подзаголовок | Здоровье |
| -- | Влияние образа жизни |
| Системный номер авторитетной/нормативной записи | 2409083 |
| Идентификатор авторитетной/нормативной записи | RU\NLR\AUTH\661435511 |
| 606 1# - НАИМЕНОВАНИЕ ТЕМЫ КАК ПРЕДМЕТ | |
| Наименование темы | Валеология в высшей школе |
| Системный номер авторитетной/нормативной записи | 2094607 |
| Идентификатор авторитетной/нормативной записи | RU\NLR\AUTH\661267455 |
| 686 ## - ИНДЕКСЫ ДРУГИХ КЛАССИФИКАЦИЙ | |
| Индекс | Р11(2)028.6,07 |
| Код системы | |
| 686 1# - ИНДЕКСЫ ДРУГИХ КЛАССИФИКАЦИЙ | |
| Индекс | Ч481.354 |
| 686 1# - ИНДЕКСЫ ДРУГИХ КЛАССИФИКАЦИЙ | |
| Индекс | Р124.61 |
| 701 #1 - ИМЯ ЛИЦА - АЛЬТЕРНАТИВНАЯ ОТВЕТСТВЕННОСТЬ | |
| Материалы, к которым относится поле | rus |
| Графика поля | Кириллица |
| Начальный элемент ввода | Глыбочко |
| Часть имени, кроме начального элемента ввода | П. В. |
| Даты | 1964- |
| Расширение инициалов личного имени | Петр Витальевич |
| Идентификатор авторитетной/нормативной записи | RU\NLR\AUTH\77121522 |
| Системный номер авторитетной/нормативной записи | 104447 |
| 701 #1 - ИМЯ ЛИЦА - АЛЬТЕРНАТИВНАЯ ОТВЕТСТВЕННОСТЬ | |
| Графика поля | Кириллица |
| Материалы, к которым относится поле | rus |
| Начальный элемент ввода | Есауленко |
| Часть имени, кроме начального элемента ввода | И. Э. |
| Даты | 1956- |
| Расширение инициалов личного имени | Игорь Эдуардович |
| Системный номер авторитетной/нормативной записи | 181810 |
| Идентификатор авторитетной/нормативной записи | RU\NLR\AUTH\770181861 |
| 701 #1 - ИМЯ ЛИЦА - АЛЬТЕРНАТИВНАЯ ОТВЕТСТВЕННОСТЬ | |
| Материалы, к которым относится поле | rus |
| Графика поля | Кириллица |
| Начальный элемент ввода | Попов |
| Часть имени, кроме начального элемента ввода | В. И. |
| Дополнения к именам, кроме дат | д-р мед. наук, гигиена |
| Даты | 1969- |
| Расширение инициалов личного имени | Валерий Иванович |
| Идентификатор авторитетной/нормативной записи | RU\NLR\AUTH\7727720 |
| Системный номер авторитетной/нормативной записи | 10751 |
| 701 #1 - ИМЯ ЛИЦА - АЛЬТЕРНАТИВНАЯ ОТВЕТСТВЕННОСТЬ | |
| Материалы, к которым относится поле | rus |
| Графика поля | Кириллица |
| Начальный элемент ввода | Петрова |
| Часть имени, кроме начального элемента ввода | Т. Н. |
| Дополнения к именам, кроме дат | д-р мед. наук, терапия |
| Расширение инициалов личного имени | Татьяна Николаевна |
| Идентификатор авторитетной/нормативной записи | RU\NLR\AUTH\7784166 |
| Системный номер авторитетной/нормативной записи | 67094 |
| 712 02 - НАИМЕНОВАНИЕ ОРГАНИЗАЦИИ - ВТОРИЧНАЯ ОТВЕТСТВЕННОСТЬ | |
| Код отношения | Прочие |
| Начальный элемент ввода | Московский государственный медицинский университет им. И. М. Сеченова |
| Идентифицирующий признак | 1 |
| Идентификатор авторитетной/нормативной записи | RU\NLR\AUTH\8810170316 |
| Системный номер авторитетной/нормативной записи | 836500 |
| 942 ## - ДОПОЛНИТЕЛЬНЫЕ ЭЛЕМЕНТЫ ЗАПИСИ (АБИС) | |
| Тип экземпляра АБИС | Книга |
| 980 ## - КОЛЛЕКЦИЯ | |
| Название коллекции | НБР |
Нет доступных экземпляров.